00956cam a2200253 a 450000100100000000500170001000800410002702000150006804000230008308200160010610000340012224500690015626000430022530000210026849000440028958600360033365000280036965000310039765100550042883000510048391000340053495201190056899900150068700000806920200929154423.0891011s1983 sp 000 f spa  a8432070173 aDO-SdBNPcDLCdDLC a863.6bO42g1 aOlaizola, José Luis.92197713aLa guerra del general Escobar :bnovela /cJosé Luis Olaizola. aBarcelona, España :bPlaneta,c1983. a215 p. ;c19 cm.1 aAutores españoles e hispanoamericanos aPremio editorial Planeta, 1983. 4aNovela española91123 4aLiteratura española9632 4aEspañaxHistoriaxGuerra Civil, 1936-1939918563 0aAutores españoles e hispanoamericanos.95042 aCatalogación por copia / LC 001052708MOaGRbGRcCTd2009-09-14iLF1l0o863.6 O42gp8069-10r2020-06-25w2020-06-25y2ZPréstamo interno c7846d7846